000 00855nab a2200253 u 4500
001 14740
003 HDC
007 cr bn ---aaaaa
008 210215c20140812my dr|nes 0 a may d
040 _aHDC
100 _aMohd Sabran Md Sani
_eauthor
_98029
245 0 _aMudahnya memasak / oleh
_cMohd Sabran Md Sani
260 _aKuala Lumpur :
_bThe New Straits Times Press (M) Bhd.,
_c2014
336 _atext
_2rdacontent
337 _acomputer
_2rdamedia
338 _aonline resource
_2rdacarrier
650 _acooking program
_915199
650 _afood ingredients
_zMalaysia
_915198
710 _aHarian Metro
856 _zRequest full-text at [email protected]
942 _2lcc
942 _cNEWS
942 _kNWSC 005635
999 _c12056
_d12056